| 000 | 01691 a2200169 4500 | ||
|---|---|---|---|
| 003 | Nust | ||
| 005 | 20170207153538.0 | ||
| 040 | _cNust | ||
| 082 | _a621.38 | ||
| 100 | _aMiani,A.K | ||
| 245 |
_aElectronic and comunication simplified _cA.K Maini |
||
| 260 |
_aNew dehli _bKhanna Publishers _c1995 |
||
| 300 | _a1008p | ||
| 505 | _aResistance and Resistors (Page 1-20) Capacitance and Capacitors (Page 21-34) Coils and Transforms (Page 35-56) Electromechanical and Hardware Electronic Components (Page 57-76) Circuit Analysis (Page 77-150) Diodes and Transistors (Page 151-172) Fields Effect Transistors (Page 173-186) UJTs and Thyristors (Page 187-204) Optoelectronic Devices (Page 205-222) Amplifiers (Page 223-266) Oscillators (Page 267-280) Linear Power Supplies (Page 281-292) Switched Mode Power Supplies (Page 293-312) Waveshaping Circuits (Page 313-332) Operational Amplifiers (Page 333-372) IC Timers (Page 373-392) Phase Locked Loops (Page 393-404) Voltage Regulators (Page 405-420) Number Systems and Codes (Page 421-452) Binary Arithmetic (Page 453-470) Logic Gates (Page 471-488) Boolean Algebra (Page 489-498) Flip Flops (Page 499-512) D/A and A/D Converters (Page 535-548) Computer Hardware Fundamentals (Page 549-594) Frequency and Frequency Standards (Page 595-600) Communication Techniques (Page 601-622)Transmission Lines and Waveguides (Page 661-682) Radar Fundamentals (Page 683-700) Satellite Communication (Page 735-748) Electrical Instruments and Measurements (Page 749-770) Electronic Measurements Analog and Digital (Page 771-794) Transducers (Page 795-822) Feedback and Control Systems (Page 823-885). | ||
| 538 | _aAlmirah No.32 Shelf No 3 | ||
| 650 | _aElectronics | ||
| 942 |
_2ddc _cBK |
||
| 999 |
_c188279 _d188279 |
||